000 00674nam a22001937a 4500
999 _c184113
_d184113
005 20220204110956.0
010 _aENG-131091
020 _a978-93-5460-070-8
_c614.00
035 _aEN-114623
037 _bDBAD
082 _a621.3
100 _aChakrabarti, Abhijit
245 _aBasic Electrical Engineering:
_bCovers AICTE Model Curriculum/
_cAbhijit Chakrabarti, Sudipta Debnath, Chandan Kumar Chanda
250 _a2nd Edition
260 _aChennai
_bMcGraw Hill Education Private Limited
_c2022
270 _bChennai`
_aAnjana Complex No. 5/90 A, Butt Road, St Thomas Mount
_e600016
300 _a640p.
_c24cm(pbk)
942 _2ddc
_cEN
_h621.3
_mCHA